[Event "XXVI Ogolnopolska Olimpiada Mlodziezy"]
[Site "Pulawy"]
[Date "2020.10.05"]
[Round "1.18"]
[White "Trzebinski, Patryk"]
[Black "Jarocki, Gabriel"]
[Result "1/2-1/2"]
[WhiteElo "1837"]
[BlackElo "1510"]
[PlyCount "107"]
[EventDate "2020.10.04"]
[EventType "swiss"]
[Tiebreak "Sum of Buchholz+Median1 Buchholz+Sonneborn-Berger (Swiss)"]

1. e4 c6 2. d4 d5 3. e5 Bf5 4. g4 Bd7 5. c4 dxc4 6. Bxc4 e6 7. Nc3 Ne7 8. Nf3
Nd5 9. Ne4 Qc7 10. Qc2 Nb6 11. Bd3 Bc8 12. Bf4 Nd5 13. Bg3 Nb4 14. Qd2 Nxd3+
15. Qxd3 Na6 16. O-O Be7 17. a3 Qd8 18. h4 b6 19. b4 Nc7 20. Qc2 Bb7 21. Nfg5
Nd5 22. Nd6+ Bxd6 23. exd6 h6 24. Ne4 Nf6 25. d7+ Qxd7 26. Nd6+ Ke7 27. Rfe1 g6
28. Be5 Rhd8 29. Qd2 Nxg4 30. Qf4 f5 31. f3 Nxe5 32. dxe5 Rh8 33. Red1 Qc7 34.
Ra2 Rh7 35. Rad2 Kf8 36. Rg2 Kg7 37. Nxf5+ exf5 38. Qxf5 Kh8 39. Rxg6 Qf7 40.
Rf6 Rg8+ 41. Kh1 Qg7 42. Qh3 c5 43. h5 Qg3 44. Qxg3 Rxg3 45. Rd8+ Rg8 46. Rd3
c4 47. Re3 Rg5 48. e6 Rxh5+ 49. Kg2 Rg7+ 50. Kf2 Rh2+ 51. Kf1 Rh1+ 52. Kf2 Rh2+
53. Kf1 Rh1+ 54. Kf2 1/2-1/2

[Event "XXVI Ogolnopolska Olimpiada Mlodziezy"]
[Site "Pulawy"]
[Date "2020.10.05"]
[Round "1.18"]
[White "Wiecek, Karolina"]
[Black "Mazurek, Maja"]
[Result "1/2-1/2"]
[WhiteElo "1438"]
[BlackElo "1220"]
[PlyCount "105"]
[EventDate "2020.10.04"]
[EventType "swiss"]
[Tiebreak "Sum of Buchholz+Median1 Buchholz+Sonneborn-Berger (Swiss)"]

1. d4 d5 2. c4 c6 3. e3 Nf6 4. Nc3 Bf5 5. Nf3 e6 6. Be2 a6 7. a3 Bd6 8. O-O O-O
9. Re1 Nbd7 10. h3 Re8 11. Bd3 Bxd3 12. Qxd3 e5 13. dxe5 Nxe5 14. Nxe5 Bxe5 15.
cxd5 Nxd5 16. Nxd5 Qxd5 17. Qxd5 cxd5 18. Rb1 Rac8 19. Rd1 Red8 20. Bd2 h6 21.
Ba5 Rd7 22. Rd2 d4 23. Rbd1 d3 24. f4 Bf6 25. e4 Bd4+ 26. Kf1 Be3 27. Rxd3 Rxd3
28. Rxd3 Bxf4 29. Bc3 Re8 30. Rd4 Be5 31. Rc4 Bxc3 32. bxc3 Re7 33. Ke2 f6 34.
Kd3 Rd7+ 35. Rd4 Rc7 36. c4 Kf7 37. Rd5 Ke6 38. Kd4 Rd7 39. Rxd7 Kxd7 40. Kd5
b6 41. a4 h5 42. g3 g5 43. g4 h4 44. c5 b5 45. axb5 axb5 46. c6+ Kc7 47. Kc5 b4
48. Kxb4 Kxc6 49. Kc4 Kd6 50. Kd4 Ke6 51. Kd3 Ke5 52. Ke3 Ke6 53. Kd3 1/2-1/2

[Event "XXVI Ogolnopolska Olimpiada Mlodziezy"]
[Site "Pulawy"]
[Date "2020.10.05"]
[Round "1.19"]
[White "Hryniewicz, Maciej"]
[Black "Sniadecki, Oskar"]
[Result "0-1"]
[WhiteElo "1277"]
[BlackElo "1577"]
[PlyCount "88"]
[EventDate "2020.10.04"]
[EventType "swiss"]
[Tiebreak "Sum of Buchholz+Median1 Buchholz+Sonneborn-Berger (Swiss)"]

1. e4 e6 2. d4 b6 3. Nf3 Bb7 4. Bd3 Nf6 5. Nfd2 c5 6. c3 cxd4 7. cxd4 Bb4 8.
O-O Bxd2 9. Nxd2 Nc6 10. e5 Nd5 11. Nc4 O-O 12. Nd6 Qc7 13. Bb1 Ba6 14. Re1 f5
15. Qb3 Bb7 16. Qc4 a6 17. b3 b5 18. Qc5 Rab8 19. Bb2 Qa5 20. Rd1 Qd8 21. Bxf5
Qg5 22. Rd3 Nf4 23. g3 Nxd3 24. Bxd3 Qd2 25. Qc2 Rxf2 26. Bxh7+ Kf8 27. Qxd2
Rxd2 28. Rf1+ Ke7 29. Bc1 Nxe5 30. Nxb7 Rxd4 31. Bg5+ Ke8 32. Be3 Nf3+ 33. Rxf3
Rd1+ 34. Kf2 Rxb7 35. Be4 d5 36. Bg6+ Kd7 37. Rf7+ Kc6 38. Rf8 Ra1 39. Be8+ Kd6
40. h4 Rc7 41. Kf3 Rc3 42. Ke2 Rxa2+ 43. Kf3 d4 44. Kg4 Rxe3 0-1

[Event "XXVI Ogolnopolska Olimpiada Mlodziezy"]
[Site "Pulawy"]
[Date "2020.10.05"]
[Round "1.19"]
[White "Kicinska, Magdalena"]
[Black "Dallemura, Anna"]
[Result "0-1"]
[WhiteElo "1216"]
[BlackElo "1420"]
[PlyCount "56"]
[EventDate "2020.10.04"]
[EventType "swiss"]
[Tiebreak "Sum of Buchholz+Median1 Buchholz+Sonneborn-Berger (Swiss)"]

1. d4 d5 2. Nf3 Nf6 3. Bg5 e6 4. e3 Be7 5. Nbd2 h6 6. Bh4 O-O 7. Bd3 b6 8. O-O
Bb7 9. c3 Nbd7 10. Ne5 Nxe5 11. dxe5 Nd7 12. Bxe7 Qxe7 13. f4 f6 14. exf6 Nxf6
15. Qf3 e5 16. e4 dxe4 17. Nxe4 Nxe4 18. Bxe4 Qc5+ 19. Kh1 Rxf4 20. Qh5 Bxe4
21. b4 Qxc3 22. Rac1 Qd2 23. Qh3 Raf8 24. Rg1 Qxc1 25. Qe6+ Kh8 26. h3 Rf1 27.
Rxf1 Qxf1+ 28. Kh2 Qxg2# 0-1

[Event "XXVI Ogolnopolska Olimpiada Mlodziezy"]
[Site "Pulawy"]
[Date "2020.10.05"]
[Round "1.19"]
[White "Mitrega, Wiktoria"]
[Black "Sliwicka, Weronika"]
[Result "1/2-1/2"]
[WhiteElo "1064"]
[BlackElo "1272"]
[PlyCount "60"]
[EventDate "2020.10.04"]
[EventType "swiss"]
[Tiebreak "Sum of Buchholz+Median1 Buchholz+Sonneborn-Berger (Swiss)"]

1. c4 e5 2. Nc3 Nf6 3. g3 d5 4. cxd5 Nxd5 5. Bg2 Be6 6. Nf3 Nc6 7. d3 Bb4 8.
Bd2 Qf6 9. Ne4 Qe7 10. O-O h6 11. a3 Bxd2 12. Qxd2 f5 13. Nc3 Nxc3 14. Qxc3 Bd5
15. b4 e4 16. Nh4 Qf7 17. b5 Ne7 18. Qe5 Qe6 19. Qxe6 Bxe6 20. dxe4 fxe4 21.
Bxe4 O-O-O 22. Bd3 Rhf8 23. Rac1 g5 24. Ng2 Rf6 25. Rc2 Rdf8 26. e3 Kb8 27. Bc4
Bh3 28. Rd1 h5 29. Rcd2 Nc8 30. Bf1 Nd6 1/2-1/2

[Event "XXVI Ogolnopolska Olimpiada Mlodziezy"]
[Site "Pulawy"]
[Date "2020.10.05"]
[Round "1.19"]
[White "Wieckowski, Michal"]
[Black "Madej, Marek"]
[Result "0-1"]
[WhiteElo "1494"]
[BlackElo "1835"]
[PlyCount "27"]
[EventDate "2020.10.04"]
[EventType "swiss"]
[Tiebreak "Sum of Buchholz+Median1 Buchholz+Sonneborn-Berger (Swiss)"]

1. e4 c6 2. d4 d5 3. exd5 cxd5 4. Bd3 Nc6 5. c3 e6 6. Nf3 Bd6 7. O-O Nge7 8.
Nbd2 O-O 9. Re1 Bd7 10. Bxh7+ Kxh7 11. Ng5+ Kg6 12. Qg4 f5 13. Qf3 Rh8 14. Nf1
0-1

[Event "XXVI Ogolnopolska Olimpiada Mlodziezy"]
[Site "Pulawy"]
[Date "2020.10.05"]
[Round "1.20"]
[White "Bar, Klaudia"]
[Black "Zalewska, Malgorzata"]
[Result "0-1"]
[WhiteElo "1408"]
[BlackElo "1201"]
[PlyCount "54"]
[EventDate "2020.10.04"]
[EventType "swiss"]
[Tiebreak "Sum of Buchholz+Median1 Buchholz+Sonneborn-Berger (Swiss)"]

1. Nf3 Nf6 2. g3 e6 3. Bg2 d5 4. O-O Bd6 5. d3 c5 6. Nbd2 Nc6 7. e4 e5 8. exd5
Nxd5 9. Nc4 O-O 10. Nxd6 Qxd6 11. Nd2 Be6 12. Nc4 Qd7 13. Re1 f6 14. a4 Rad8
15. b3 Nd4 16. Ba3 b6 17. Kh1 Bh3 18. Ne3 Bxg2+ 19. Kxg2 Qc6 20. f3 Nc3 21. Qd2
Qxf3+ 22. Kh3 Nce2 23. Ng2 Qf5+ 24. g4 Qf3+ 25. Kh4 g5+ 26. Kh5 Qh3+ 27. Nh4
Qxh4# 0-1

[Event "XXVI Ogolnopolska Olimpiada Mlodziezy"]
[Site "Pulawy"]
[Date "2020.10.05"]
[Round "1.20"]
[White "Karp, Kacper"]
[Black "Fil, Grzegorz"]
[Result "1-0"]
[WhiteElo "1562"]
[BlackElo "1268"]
[PlyCount "117"]
[EventDate "2020.10.04"]
[EventType "swiss"]
[Tiebreak "Sum of Buchholz+Median1 Buchholz+Sonneborn-Berger (Swiss)"]

1. e4 c5 2. Nf3 Nc6 3. Nc3 g6 4. d4 cxd4 5. Nxd4 Bg7 6. Be3 Nf6 7. Bc4 d6 8. f3
Bd7 9. Qd2 Rc8 10. Bb3 O-O 11. O-O-O Ne5 12. g4 Nxf3 13. Nxf3 Nxg4 14. Nd5 e6
15. Nf4 Qf6 16. Bd4 e5 17. Nxe5 dxe5 18. Nd5 Qh4 19. Bxa7 Bh6 20. Ne3 Bc6 21.
Rhg1 Nxe3 22. Bxe3 Rfd8 23. Qe2 Bxe3+ 24. Qxe3 Qxe4 25. Qh3 Qf4+ 26. Kb1 Qf3
27. Rd3 Qxh3 28. Rxh3 Rd2 29. Re3 e4 30. Rf1 Rc7 31. h3 Rcd7 32. Kc1 Bb5 33.
Bxf7+ Kg7 34. c4 Rxf7 35. Rxf7+ Kxf7 36. Kxd2 Bxc4 37. b3 Bd5 38. Kc3 Ke6 39.
Kd4 h6 40. b4 g5 41. a4 b6 42. Rc3 h5 43. Rc8 g4 44. hxg4 hxg4 45. Re8+ Kd6 46.
Rd8+ Ke6 47. Rxd5 e3 48. Re5+ Kf6 49. Rxe3 Kf5 50. a5 bxa5 51. bxa5 Kf4 52. a6
g3 53. Rxg3 Kxg3 54. a7 Kh2 55. a8=Q Kg1 56. Ke3 Kh2 57. Qg8 Kh3 58. Kf3 Kh2
59. Qg2# 1-0

[Event "XXVI Ogolnopolska Olimpiada Mlodziezy"]
[Site "Pulawy"]
[Date "2020.10.05"]
[Round "1.20"]
[White "Myrmus, Mateusz"]
[Black "Kozera, Dawid"]
[Result "1/2-1/2"]
[WhiteElo "1826"]
[BlackElo "1450"]
[PlyCount "136"]
[EventDate "2020.10.04"]
[EventType "swiss"]
[Tiebreak "Sum of Buchholz+Median1 Buchholz+Sonneborn-Berger (Swiss)"]

1. e4 c5 2. c3 Nf6 3. e5 Nd5 4. d4 cxd4 5. Nf3 e6 6. cxd4 Nc6 7. Nc3 d6 8. Nxd5
exd5 9. Be2 dxe5 10. Nxe5 Nxe5 11. dxe5 Be7 12. O-O O-O 13. Bf3 Be6 14. Be3 Rc8
15. Qa4 a6 16. Rac1 Qe8 17. Qa5 Qd7 18. Bd4 Rxc1 19. Rxc1 Rc8 20. Rxc8+ Qxc8
21. Qd2 h6 22. Bd1 Bc5 23. b3 Qc6 24. Qe3 b6 25. h3 Qb5 26. Qd2 a5 27. Bc2 Qc6
28. Bxc5 Qxc5 29. Kh2 Bd7 30. f4 d4 31. Qe2 Qd5 32. Qe4 Qxe4 33. Bxe4 a4 34.
bxa4 Bxa4 35. Kg3 Bb5 36. Bd5 Kf8 37. Kf3 Bd3 38. g4 Ke7 39. f5 f6 40. e6 Kd6
41. Bb3 g6 42. fxg6 Bxg6 43. Ke2 f5 44. Kf3 fxg4+ 45. hxg4 Bb1 46. a3 b5 47.
Kf4 Bd3 48. a4 bxa4 49. Bxa4 Kxe6 50. g5 hxg5+ 51. Kxg5 Ke5 52. Bc6 Be2 53. Bb7
Bd1 54. Ba6 Ke4 55. Bb5 Ke3 56. Kh4 Be2 57. Ba4 d3 58. Kg3 Bf3 59. Bb5 d2 60.
Ba4 Ke2 61. Kf4 Bh5 62. Bb5+ Ke1 63. Ba4 Bd1 64. Be8 Bc2 65. Bh5 Bd3 66. Ke3
Bc2 67. Bg4 Bd1 68. Bd7 Be2 1/2-1/2

[Event "XXVI Ogolnopolska Olimpiada Mlodziezy"]
[Site "Pulawy"]
[Date "2020.10.05"]
[Round "1.20"]
[White "Zgoda, Aleksandra"]
[Black "Mansz, Martyna"]
[Result "1-0"]
[WhiteElo "1268"]
[BlackElo "1054"]
[PlyCount "99"]
[EventDate "2020.10.04"]
[EventType "swiss"]
[Tiebreak "Sum of Buchholz+Median1 Buchholz+Sonneborn-Berger (Swiss)"]

1. e4 e5 2. Nf3 Nc6 3. Bb5 a6 4. Ba4 Bc5 5. O-O d6 6. h3 Nge7 7. c3 b5 8. Bc2
Be6 9. d4 exd4 10. cxd4 Bc4 11. dxc5 Bxf1 12. Kxf1 dxc5 13. Qxd8+ Rxd8 14. Bf4
Rd7 15. Nc3 Nd4 16. Bd1 O-O 17. Rc1 Ne6 18. Bg3 Rfd8 19. Be2 h6 20. a4 b4 21.
Nd1 a5 22. Ne3 Rc8 23. Bc4 Nd4 24. Ne5 Rdd8 25. Nxf7 Rf8 26. Nd6+ Kh8 27. Nxc8
Rxc8 28. Nd5 Nxd5 29. Bxd5 c6 30. Rxc5 b3 31. Be5 Nc2 32. Bxb3 Nb4 33. Rxa5 Nd3
34. Bc3 c5 35. Bc4 Nf4 36. Ra7 Nh5 37. e5 Re8 38. a5 Kh7 39. Bd3+ Kg8 40. Bg6
Nf4 41. Bxe8 Kf8 42. Ba4 Nd5 43. a6 Nb6 44. Bb3 c4 45. Rb7 cxb3 46. Rxb6 Ke7
47. a7 Kd7 48. a8=Q g5 49. Qa7+ Ke8 50. Rb8# 1-0

[Event "XXVI Ogolnopolska Olimpiada Mlodziezy"]
[Site "Pulawy"]
[Date "2020.10.05"]
[Round "1.21"]
[White "Brelinska, Matylda"]
[Black "Pietrzak, Emilia"]
[Result "0-1"]
[WhiteElo "1180"]
[BlackElo "1398"]
[PlyCount "80"]
[EventDate "2020.10.04"]
[EventType "swiss"]
[Tiebreak "Sum of Buchholz+Median1 Buchholz+Sonneborn-Berger (Swiss)"]

1. e4 c5 2. Nf3 Nc6 3. c3 Nf6 4. d3 e6 5. Be2 Be7 6. O-O O-O 7. Re1 d5 8. exd5
exd5 9. d4 c4 10. Bf4 Bf5 11. Nbd2 b5 12. a3 a5 13. b4 Bd6 14. Bxd6 Qxd6 15. h3
h6 16. Nf1 Ne4 17. Qc1 Rfe8 18. N1d2 Nf6 19. Nh4 Bh7 20. Bg4 Nxg4 21. hxg4 Qf4
22. Rxe8+ Rxe8 23. Qd1 h5 24. g3 Qxg4 25. Qxg4 hxg4 26. Nf1 Be4 27. Ne3 g5 28.
Nhf5 Re6 29. bxa5 Nxa5 30. Re1 Bxf5 31. Rd1 Be4 32. Nxg4 Bf3 33. Rb1 Bxg4 34.
Rxb5 Nb3 35. Rxd5 Re1+ 36. Kg2 f6 37. Rd6 Kg7 38. d5 Nd2 39. Kh2 Nf3+ 40. Kg2
Rg1# 0-1

[Event "XXVI Ogolnopolska Olimpiada Mlodziezy"]
[Site "Pulawy"]
[Date "2020.10.05"]
[Round "1.21"]
[White "Duda, Aleksandra"]
[Black "Moczala, Maja"]
[Result "0-1"]
[WhiteElo "1046"]
[BlackElo "1252"]
[PlyCount "148"]
[EventDate "2020.10.04"]
[EventType "swiss"]
[Tiebreak "Sum of Buchholz+Median1 Buchholz+Sonneborn-Berger (Swiss)"]

1. d4 d5 2. Nf3 Nf6 3. Bf4 c5 4. e3 Nc6 5. c3 Qb6 6. Qb3 c4 7. Qxb6 axb6 8. Be2
b5 9. Ne5 Bf5 10. Nxc6 bxc6 11. Nd2 e6 12. a3 Be7 13. O-O Nd7 14. Nf3 h6 15.
Ne5 Nxe5 16. Bxe5 f6 17. Bg3 Kd7 18. Rfe1 h5 19. h3 Bd6 20. Bxd6 Kxd6 21. Bf3
g5 22. e4 Bg6 23. e5+ Ke7 24. Re3 f5 25. Bd1 f4 26. Re1 Bf5 27. f3 Rhg8 28. Rf1
Bd3 29. Rf2 Rgc8 30. Bc2 Bxc2 31. Rxc2 c5 32. Rd1 cxd4 33. Rxd4 Rf8 34. Re2 Rf5
35. Kh2 Rh8 36. Kg1 Rg8 37. Kf2 g4 38. hxg4 hxg4 39. fxg4 Rxg4 40. Kf3 Rg3+ 41.
Kf2 Rg4 42. Kf3 Rh4 43. Re1 Kf7 44. Re2 Kg6 45. Re1 Rf8 46. g3 fxg3+ 47. Kxg3
Rh5 48. Rg4+ Rg5 49. Rxg5+ Kxg5 50. Re2 Rf4 51. Re1 Kf5 52. Rh1 Kxe5 53. Rh8
Rf7 54. Rb8 Rg7+ 55. Kf3 Kd6 56. Rxb5 e5 57. Rb6+ Kc5 58. Re6 e4+ 59. Kf2 Rb7
60. a4 Rxb2+ 61. Ke3 Ra2 62. Ra6 Ra3 63. Kd2 e3+ 64. Kxe3 Rxc3+ 65. Kd2 Ra3 66.
Ra8 Kb4 67. Rd8 Rd3+ 68. Kc2 Kxa4 69. Ra8+ Kb5 70. Rb8+ Kc5 71. Rb1 Rh3 72. Rd1
d4 73. Rd2 Ra3 74. Kc1 Ra1+ 0-1

[Event "XXVI Ogolnopolska Olimpiada Mlodziezy"]
[Site "Pulawy"]
[Date "2020.10.05"]
[Round "1.21"]
[White "Jedraszek, Pawel"]
[Black "Zeissel, Andrzej"]
[Result "1-0"]
[WhiteElo "1816"]
[BlackElo "1437"]
[PlyCount "47"]
[EventDate "2020.10.04"]
[EventType "swiss"]
[Tiebreak "Sum of Buchholz+Median1 Buchholz+Sonneborn-Berger (Swiss)"]

1. e4 e5 2. Nf3 Nc6 3. Bb5 a6 4. Ba4 Nf6 5. O-O Be7 6. Re1 b5 7. Bb3 O-O 8. h3
d5 9. exd5 Nxd5 10. Nxe5 Nxe5 11. Rxe5 c6 12. d3 Bd6 13. Re1 Qf6 14. Nd2 Qg6
15. Qf3 Nf4 16. Kf1 h5 17. Ne4 Bg4 18. hxg4 hxg4 19. Qg3 Qh6 20. Bxf4 Bxf4 21.
Qxg4 Rae8 22. Ke2 c5 23. Rh1 Qd6 24. Kf3 1-0

[Event "XXVI Ogolnopolska Olimpiada Mlodziezy"]
[Site "Pulawy"]
[Date "2020.10.05"]
[Round "1.21"]
[White "Stanik, Szymon"]
[Black "Nagly, Wojciech"]
[Result "1-0"]
[WhiteElo "1201"]
[BlackElo "1545"]
[PlyCount "79"]
[EventDate "2020.10.04"]
[EventType "swiss"]
[Tiebreak "Sum of Buchholz+Median1 Buchholz+Sonneborn-Berger (Swiss)"]

1. e4 d5 2. exd5 Nf6 3. Nf3 Nxd5 4. d4 Bf5 5. c3 e6 6. Nbd2 Nd7 7. Bc4 N7b6 8.
Bxd5 Nxd5 9. Nb3 Bg4 10. h3 Bh5 11. O-O Be7 12. Na5 Rb8 13. Nc4 Bd6 14. Nxd6+
cxd6 15. Qd3 O-O 16. c4 Nb4 17. Qc3 Bxf3 18. Qxb4 a5 19. Qc3 Bc6 20. b3 Rc8 21.
Qg3 d5 22. c5 Qf6 23. Be3 Rfe8 24. Rfe1 Ra8 25. a4 Rab8 26. Kh1 Rbc8 27. Qd6
Red8 28. Qg3 Re8 29. Kg1 Kh8 30. Bf4 Kg8 31. Be5 Qg6 32. Qc3 Ra8 33. Bc7 f6 34.
Bxa5 e5 35. Bc7 exd4 36. Qxd4 Re4 37. Rxe4 dxe4 38. Qe3 f5 39. Qg3 Qf7 40. Rd1
1-0

[Event "XXVI Ogolnopolska Olimpiada Mlodziezy"]
[Site "Pulawy"]
[Date "2020.10.05"]
[Round "1.22"]
[White "Duda, Szymon"]
[Black "Jablonski, Dawid"]
[Result "1-0"]
[WhiteElo "1529"]
[BlackElo "1200"]
[PlyCount "79"]
[EventDate "2020.10.04"]
[EventType "swiss"]
[Tiebreak "Sum of Buchholz+Median1 Buchholz+Sonneborn-Berger (Swiss)"]

1. e4 c6 2. Nf3 d5 3. exd5 cxd5 4. Ne5 Nf6 5. d4 Bf5 6. Bd3 Bxd3 7. Qxd3 e6 8.
O-O Bd6 9. f4 O-O 10. Be3 Nbd7 11. Nd2 Qc7 12. c3 Rac8 13. Rf3 g6 14. Kh1 Be7
15. h3 h5 16. Rg3 Nxe5 17. fxe5 Kh7 18. Rf1 Bd8 19. Qe2 Ne4 20. Nxe4 dxe4 21.
Bc1 f5 22. h4 Bxh4 23. Rh3 Qe7 24. Qd2 f4 25. Qc2 e3 26. Qe4 Kg7 27. Rxf4 Rxf4
28. Qxf4 Bg5 29. Qe4 Rf8 30. Bxe3 Rf1+ 31. Kh2 Re1 32. Bxg5 Rxe4 33. Bxe7 Re2
34. Ba3 Kh6 35. Rf3 Kg7 36. Kg1 h4 37. Rf2 Re4 38. Be7 Rg4 39. b4 h3 40. Kh2
1-0

[Event "XXVI Ogolnopolska Olimpiada Mlodziezy"]
[Site "Pulawy"]
[Date "2020.10.05"]
[Round "1.22"]
[White "Lewicka, Joanna"]
[Black "Wesolowska, Liliana"]
[Result "1-0"]
[WhiteElo "1243"]
[BlackElo "1033"]
[PlyCount "109"]
[EventDate "2020.10.04"]
[EventType "swiss"]
[Tiebreak "Sum of Buchholz+Median1 Buchholz+Sonneborn-Berger (Swiss)"]

1. e4 d6 2. d4 Nf6 3. Nc3 e5 4. Nf3 Nbd7 5. Bc4 Be7 6. O-O O-O 7. Re1 b6 8. h3
Bb7 9. d5 c6 10. a4 a6 11. Qe2 b5 12. dxc6 Bxc6 13. axb5 axb5 14. Rxa8 Qxa8 15.
Bxb5 Bxb5 16. Nxb5 Nc5 17. Nc3 Qb7 18. b3 Bd8 19. Bg5 Ba5 20. Qc4 Bxc3 21. Qxc3
Ncxe4 22. Qd3 Qc6 23. Rd1 Rd8 24. Nxe5 Qc5 25. Bxf6 Nxf2 26. Qd4 Nxd1 27. Qxc5
dxc5 28. Bxd8 Ne3 29. c4 f6 30. Nd7 Kf7 31. Nxc5 Ke8 32. Bc7 Nf5 33. b4 Ne3 34.
b5 Nxc4 35. Kf2 Ne5 36. Bxe5 fxe5 37. b6 Kd8 38. b7 Kc7 39. Ke3 g6 40. Ke4 h5
41. Kxe5 g5 42. Kf5 g4 43. hxg4 hxg4 44. Kxg4 Kb8 45. Kf5 Kc7 46. g4 Kb8 47. g5
Kc7 48. g6 Kb8 49. g7 Kc7 50. g8=Q Kb6 51. b8=Q+ Kxc5 52. Qgd8 Kc6 53. Qbc7+
Kb5 54. Qdb8+ Ka6 55. Qca7# 1-0

[Event "XXVI Ogolnopolska Olimpiada Mlodziezy"]
[Site "Pulawy"]
[Date "2020.10.05"]
[Round "1.22"]
[White "Serewa, Antoni"]
[Black "Maslanka, Wojciech"]
[Result "0-1"]
[WhiteElo "1447"]
[BlackElo "1824"]
[PlyCount "120"]
[EventDate "2020.10.04"]
[EventType "swiss"]
[Tiebreak "Sum of Buchholz+Median1 Buchholz+Sonneborn-Berger (Swiss)"]

1. d4 Nf6 2. c4 g6 3. Nc3 d5 4. cxd5 Nxd5 5. e4 Nxc3 6. bxc3 Bg7 7. Be3 O-O 8.
Nf3 c5 9. Qd2 Nc6 10. d5 Qa5 11. Rc1 Rd8 12. Qc2 Nd4 13. Nxd4 cxd4 14. Bd2 Bd7
15. c4 Qc7 16. Bd3 Rac8 17. O-O e5 18. f4 Re8 19. f5 Kh8 20. f6 Bf8 21. Qb3 b6
22. Kh1 Bg4 23. h3 Bd7 24. Be2 Qd6 25. h4 Qa3 26. Rb1 Ba4 27. Qxa3 Bxa3 28. Bd3
h5 29. Bb4 Bxb4 30. Rxb4 Bd7 31. Rfb1 Rc5 32. R4b2 Rec8 33. Kh2 R8c7 34. Kg3
Bc8 35. Rc1 Kg8 36. Rbc2 Ba6 37. Kf2 Kf8 38. Ke1 Ke8 39. Kd2 Kf8 40. g3 Kg8 41.
Rg1 Bc8 42. Rb2 Kf8 43. Rf1 Ke8 44. Re1 Ba6 45. Rc2 Bxc4 46. Rec1 b5 47. a4 a6
48. axb5 axb5 49. Ra1 Kd7 50. Ra8 Bxd3 51. Rxc5 Rxc5 52. Kxd3 Rc3+ 53. Ke2 Rxg3
54. Ra7+ Kd6 55. Ra6+ Kc7 56. Ra7+ Kb6 57. Rxf7 Re3+ 58. Kd2 Rxe4 59. Re7 Rf4
60. f7 Kc5 0-1

[Event "XXVI Ogolnopolska Olimpiada Mlodziezy"]
[Site "Pulawy"]
[Date "2020.10.05"]
[Round "1.22"]
[White "Staniewicz, Adrianna"]
[Black "Karys, Katarzyna"]
[Result "1/2-1/2"]
[WhiteElo "1382"]
[BlackElo "1132"]
[PlyCount "110"]
[EventDate "2020.10.04"]
[EventType "swiss"]
[Tiebreak "Sum of Buchholz+Median1 Buchholz+Sonneborn-Berger (Swiss)"]

1. e4 e5 2. Nf3 Nc6 3. Bc4 Bc5 4. c3 Nf6 5. d3 h6 6. Nbd2 d6 7. h3 O-O 8. Bb3
Be6 9. Bc2 d5 10. Qe2 d4 11. Nf1 Qd7 12. g4 Rfe8 13. Ng3 Rad8 14. Nh4 Qd6 15.
Nhf5 Bxf5 16. Nxf5 Qe6 17. g5 hxg5 18. Bxg5 Ne7 19. Bb3 Qc6 20. Nxe7+ Bxe7 21.
c4 Bb4+ 22. Kf1 Rd6 23. Qc2 a6 24. Rc1 Nh7 25. Bh4 Rh6 26. Bg3 Qe6 27. Kg2 Qf6
28. a3 Ba5 29. Ba4 Rd8 30. b4 Bb6 31. Qe2 c6 32. Bb3 c5 33. Qf3 Qxf3+ 34. Kxf3
Ng5+ 35. Kg2 f6 36. f4 exf4 37. Bxf4 Rg6 38. Bxg5 Rxg5+ 39. Kf3 a5 40. bxc5
Bxc5 41. a4 Kf8 42. Rcg1 Rxg1 43. Rxg1 Rd6 44. Rg4 Rb6 45. Bc2 Rb2 46. Rg2 Ra2
47. Kf4 Ra1 48. Kg4 Rf1 49. h4 Bd6 50. h5 Rf4+ 51. Kh3 Rf3+ 52. Kg4 Rf4+ 53.
Kh3 Rf3+ 54. Kh4 Rf4+ 55. Kh3 Rf3+ 1/2-1/2

[Event "XXVI Ogolnopolska Olimpiada Mlodziezy"]
[Site "Pulawy"]
[Date "2020.10.05"]
[Round "1.23"]
[White "Bury, Milosz"]
[Black "Madajczak, Piotr"]
[Result "1/2-1/2"]
[WhiteElo "1436"]
[BlackElo "1814"]
[PlyCount "97"]
[EventDate "2020.10.04"]
[EventType "swiss"]
[Tiebreak "Sum of Buchholz+Median1 Buchholz+Sonneborn-Berger (Swiss)"]

1. e4 c6 2. d4 d5 3. Nc3 dxe4 4. Nxe4 Nd7 5. Nf3 Ngf6 6. Nxf6+ Nxf6 7. Be2 Bg4
8. O-O e6 9. c4 Bd6 10. Re1 O-O 11. h3 Bh5 12. Be3 Qc7 13. Qc2 c5 14. Rad1 Rac8
15. b3 Rfd8 16. dxc5 Bxc5 17. Bxc5 Qxc5 18. Rd2 Bg6 19. Bd3 Bxd3 20. Rxd3 Qa5
21. Red1 h6 22. Qd2 Rxd3 23. Qxd3 Qxa2 24. Ne5 Qa5 25. Qd6 Rf8 26. b4 Qa4 27.
Rd3 Qa1+ 28. Kh2 Qb2 29. f4 Qc1 30. Rd4 Qe1 31. Qe7 Qe3 32. Nf3 Ne4 33. Qxb7
Qxf4+ 34. Kg1 Qc1+ 35. Kh2 Nf2 36. Qc7 f5 37. Qe5 Qh1+ 38. Kg3 Ne4+ 39. Rxe4
fxe4 40. Qxe6+ Kh8 41. Qxe4 Qc1 42. c5 Qd1 43. Kh2 Qd7 44. Ne5 Qc7 45. Kg1 Rd8
46. Qf4 Kg8 47. Qc4+ Kh7 48. Qe4+ Kg8 49. Qc4+ 1/2-1/2

[Event "XXVI Ogolnopolska Olimpiada Mlodziezy"]
[Site "Pulawy"]
[Date "2020.10.05"]
[Round "1.23"]
[White "Pieczewska, Jadwiga"]
[Black "Pudelko, Magdalena"]
[Result "0-1"]
[WhiteElo "1060"]
[BlackElo "1382"]
[PlyCount "114"]
[EventDate "2020.10.04"]
[EventType "swiss"]
[Tiebreak "Sum of Buchholz+Median1 Buchholz+Sonneborn-Berger (Swiss)"]

1. c4 c6 2. Nf3 d5 3. cxd5 cxd5 4. d4 Nf6 5. Nc3 Bf5 6. g3 e6 7. Bg2 Bb4 8. O-O
Ne4 9. Bd2 Nxd2 10. Nxd2 Qa5 11. Nb3 Qc7 12. Rc1 Nc6 13. a3 Be7 14. Re1 Bg5 15.
e3 O-O 16. Ra1 Rfd8 17. e4 dxe4 18. Nxe4 Bxe4 19. Rxe4 Rd6 20. f4 Bf6 21. Rc1
Qb6 22. Rc4 Rad8 23. Kh1 Nxd4 24. Nxd4 Bxd4 25. Qe2 Qxb2 26. Qxb2 Bxb2 27. h4
Rd3 28. Kh2 Bxa3 29. Ra4 Bc5 30. Re5 Bf2 31. Bxb7 Bxg3+ 32. Kg2 Bxh4 33. Rxa7
Rb3 34. Re2 Bg3 35. Rea2 g6 36. f5 Bb8 37. R7a6 Rxb7 38. fxe6 fxe6 39. Rxe6
Rbd7 40. Ree2 Bf4 41. Rf2 Rd2 42. Raxd2 Rxd2 43. Rxd2 Bxd2 44. Kf3 h5 45. Kg3
g5 46. Kh3 Kf7 47. Kg3 Ke6 48. Kh3 Kf5 49. Kg3 g4 50. Kg2 h4 51. Kh2 Kf4 52.
Kg2 g3 53. Kg1 h3 54. Kh1 g2+ 55. Kh2 Be3 56. Kxh3 g1=Q 57. Kh4 Qh1# 0-1

[Event "XXVI Ogolnopolska Olimpiada Mlodziezy"]
[Site "Pulawy"]
[Date "2020.10.05"]
[Round "1.23"]
[White "Stepinski, Piotr"]
[Black "Krasniewski, Maciej"]
[Result "0-1"]
[WhiteElo "1197"]
[BlackElo "1525"]
[PlyCount "96"]
[EventDate "2020.10.04"]
[EventType "swiss"]
[Tiebreak "Sum of Buchholz+Median1 Buchholz+Sonneborn-Berger (Swiss)"]

1. d4 g6 2. c4 Bg7 3. Nc3 Nf6 4. Bg5 O-O 5. Nf3 d6 6. e3 h6 7. Bxf6 Bxf6 8. Bd3
c6 9. Qc2 e5 10. dxe5 dxe5 11. Rd1 Nd7 12. h4 Qe7 13. h5 g5 14. Ne4 Bg7 15. Nd6
Nc5 16. Bf5 Ne6 17. Be4 Nd4 18. exd4 Qxd6 19. dxe5 Qb4+ 20. Qc3 Qxc3+ 21. bxc3
g4 22. Nd4 Bxe5 23. O-O f5 24. Bd3 c5 25. Ne2 f4 26. Be4 Be6 27. Bd5 Rae8 28.
Bxe6+ Rxe6 29. Rd5 b6 30. f3 Bg7 31. Nc1 g3 32. Rd3 Re5 33. Rfd1 Rxh5 34. Nb3
Re5 35. Nd2 Re2 36. Rd7 Bxc3 37. Ne4 Bd4+ 38. Kf1 Rxa2 39. Rd6 Kg7 40. Rd7+ Rf7
41. Rxf7+ Kxf7 42. Nd6+ Ke6 43. Ne4 Ra1 44. Rxa1 Bxa1 45. Nd2 Ke5 46. Nb3 Bd4
47. Nc1 Be3 48. Nd3+ Kd4 0-1

[Event "XXVI Ogolnopolska Olimpiada Mlodziezy"]
[Site "Pulawy"]
[Date "2020.10.05"]
[Round "1.24"]
[White "Demski, Michal"]
[Black "Leski, Franciszek"]
[Result "1/2-1/2"]
[WhiteElo "1809"]
[BlackElo "1379"]
[PlyCount "118"]
[EventDate "2020.10.04"]
[EventType "swiss"]
[Tiebreak "Sum of Buchholz+Median1 Buchholz+Sonneborn-Berger (Swiss)"]

1. e4 e6 2. d4 d5 3. exd5 exd5 4. Nf3 Bd6 5. c4 dxc4 6. Bxc4 Nf6 7. O-O O-O 8.
Bg5 h6 9. Bh4 Bg4 10. Qb3 Nc6 11. Nbd2 Bf4 12. d5 Na5 13. Qc3 Bxf3 14. Nxf3
Nxc4 15. Qxc4 Bd6 16. Rad1 Be7 17. Rfe1 Qd7 18. Ne5 Qd6 19. Bg3 Qc5 20. Qb3 Qb4
21. Qc2 Bd6 22. a3 Qb5 23. Nf3 Bxg3 24. hxg3 Nxd5 25. Nd4 Qd7 26. Nf5 Rfe8 27.
Re4 c6 28. Rg4 g6 29. Nxh6+ Kh7 30. Rh4 Kg7 31. Qc3+ f6 32. Qd4 Rh8 33. Ng4
Rxh4 34. gxh4 Qf5 35. Ne3 Nxe3 36. Qxe3 Rf8 37. Qxa7 Rf7 38. Qd4 Qe6 39. b4 Qb3
40. Rd3 Qe6 41. Re3 Qf5 42. Rf3 Rd7 43. Rxf5 Rxd4 44. Ra5 b5 45. g3 f5 46. Kg2
Kf6 47. Ra8 Rd3 48. a4 Rb3 49. Ra6 bxa4 50. Rxa4 Rb2 51. Ra6 Rxb4 52. Rxc6+ Kg7
53. Rc3 Re4 54. f3 Rb4 55. Kh3 Rd4 56. g4 Kh6 57. g5+ Kh5 58. Kg3 Rxh4 59. Rc6
Ra4 1/2-1/2